DHARTIPUTRA SIR CHOTURAM KI SANGARSH YATRA (Record no. 25205)

MARC details
000 -LEADER
fixed length control field 00281nam a22001217a 4500
003 - CONTROL NUMBER IDENTIFIER
control field SGT
082 ## - DEWEY DECIMAL CLASSIFICATION NUMBER
Classification number 070
Item number NMS
100 ## - MAIN ENTRY--PERSONAL NAME
Personal name NAIMISARAI , MOHANDAS
245 ## - TITLE STATEMENT
Title DHARTIPUTRA SIR CHOTURAM KI SANGARSH YATRA
260 ## - PUBLICATION, DISTRIBUTION, ETC. (IMPRINT)
Name of publisher, distributor, etc SAMYAK PRAKASHAN
Year of Publication 2022
300 ## - PAGE DESCRIPTION
No. of Pages 102
942 ## - ADDED ENTRY ELEMENTS (KOHA)
Source of classification or shelving scheme Dewey Decimal Classification
Koha item type Books
942 ## - ADDED ENTRY ELEMENTS (KOHA)
-- 2
Holdings
Withdrawn status Lost status Source of classification or shelving scheme Damaged status Not for loan Collection code Home library Current library Shelving location Date acquired Vendor Name Cost, normal purchase price SGTU Bill Number Total Checkouts Full call number Accession No. (Barcode) Date last seen Date last borrowed Bill Date Koha item type
    Dewey Decimal Classification     MASS COMMUNICATION SGT Science & Social Sciences Library SGT Science & Social Sciences Library Text Book 10/10/2023 AMAZON 100.00 SGTU DL1496905415 2 070 NMS MC1149 07/02/2024 24/01/2024 17/12/2023 Books